00486nam a22001697a 450000500170000000800410001702000290005804000190008704100120010608200160011810000200013424500540015426000450020830000170025365000300027085000160030020230227102130.0230225b |||||||| |||| 00| 0 eng d a9788131605608cRs.695.00 aLoreto college aEnglish a305.56bKUM aKumar, Rabindra aDalit exclusion and subordinationcRabindra Kumar aJaipurbRawat Publications c©2013  a230p.b22cm. aDalits--Social conditions aLCLIBbDLIT